000 00762nam a2200265Ia 4500
008 160803s9999 xx 000 0 und d
020 _a9780545251884
100 _aKeene, Carolyn
245 _aApril Fool's Day /
245 _cby Carolyn Keene ; illustrated by Macky Pamintuan.
260 _aNew York :
260 _bScholastic Inc.
260 _c2009
300 _a86 pages :
300 _billustrations ;
300 _c20 cm.
440 _aNancy Drew and the clue crew ;
440 _v#19
500 _aOriginally published: New York : Aladdin Paperbacks, c2009.
650 _aApril Fools' Day --
650 _aDrew, Nancy (Fictitious character) --
650 _xJuvenile fiction.
650 _xJuvenile fiction.
700 _a510
999 _c299550
_d299550